ბათუმის შოთა რუსთაველის სახელმწიფო უნივერსიტეტის ბიბლიოთეკა

Нефтегазовые технологии и аналитика. № 8 август 2018 (ბიბ.ჩანაწერი № 56305)

000 -LEADER
fixed length control field 00712nam a2200217Ia 4500
001 - CONTROL NUMBER
control field 23418
003 - CONTROL NUMBER IDENTIFIER
control field GE_BSU
008 - FIXED-LENGTH DATA ELEMENTS--GENERAL INFORMATION
fixed length control field 181216s||||||||xx |||||||||||||| ||und||
040 ## - CATALOGING SOURCE
Transcribing agency GE_BSU
245 ## - TITLE STATEMENT
Title Нефтегазовые технологии и аналитика. № 8 август 2018
245 ## - TITLE STATEMENT
Remainder of title Научно-технический журнал. CD
245 ## - TITLE STATEMENT
Statement of responsibility, etc. Гл. ред. Кутасова Н.В.
260 ## - PUBLICATION, DISTRIBUTION, ETC.
Place of publication, distribution, etc. москва
260 ## - PUBLICATION, DISTRIBUTION, ETC.
Date of publication, distribution, etc. 2018г.
300 ## - PHYSICAL DESCRIPTION
Extent 88ст;29см;
300 ## - PHYSICAL DESCRIPTION
Accompanying material 1CD
653 ## - INDEX TERM--UNCONTROLLED
Uncontrolled term Нефтегазовые технологии и аналитика. № 8 ажгуст 2018
653 ## - INDEX TERM--UNCONTROLLED
Uncontrolled term Периодика
653 ## - INDEX TERM--UNCONTROLLED
Uncontrolled term პერიოდიკა
942 ## - ADDED ENTRY ELEMENTS (KOHA)
Koha item type პერიოდიკა
ეგზემპლარები
Withdrawn status Lost status Damaged status Not for loan Date acquired Barcode Date last seen Price effective from Koha item type
        2018-12-17 p79629 2018-12-17 2018-12-17 პერიოდიკა